| 000 | 00716cam a2200205 a 4500 | ||
|---|---|---|---|
| 020 | _a0486450309 | ||
| 082 | 0 | 0 |
_a515.63 _bPHI _cL-4, P-8 |
| 100 | 1 |
_aPhilips, H.B _939330 |
|
| 245 | 1 | 0 |
_aVector analysis. _cH.B Philips |
| 260 |
_aNew York _bJohn Wiley and Sons, Inc _c2006. |
||
| 300 |
_aiii, 236 p. : _bill. ; _c22 cm. |
||
| 500 | _aIncludes index. | ||
| 500 | _aOriginally published: New York : Wiley, 1957. | ||
| 526 |
_a0 _b0 _c0 _d515_630000000000000_PHI |
||
| 526 |
_a0 _b0 _c0 _d515_630000000000000_PHI |
||
| 650 | 0 |
_aL-4, P-8 _939331 |
|
| 856 | 4 | 1 | _uhttp://www.loc.gov/catdir/enhancements/fy1318/2005049527-t.html |
| 856 | 4 | 2 | _uhttp://www.loc.gov/catdir/enhancements/fy0625/2005049527-d.html |
| 942 |
_2ddc _cBK |
||
| 999 |
_c543832 _d543832 |
||